¿A dónde vas? : (Registro nro. 7107)
[ vista simple ]
| 000 -LEADER | |
|---|---|
| fixed length control field | 00586nam a2200181 a 4500 |
| 001 - CONTROL NUMBER | |
| control field | 000023 |
| 003 - CONTROL NUMBER IDENTIFIER | |
| control field | 000023 |
| 005 - DATE AND TIME OF LATEST TRANSACTION | |
| control field | 20180213130925.0 |
| 008 - FIXED-LENGTH DATA ELEMENTS--GENERAL INFORMATION | |
| fixed length control field | 090710s 2004 dr 000 spa d |
| 040 ## - CATALOGING SOURCE | |
| Original cataloging agency | BPMSU |
| Language of cataloging | spa |
| Transcribing agency | BPMSU |
| 100 1# - MAIN ENTRY--PERSONAL NAME | |
| Relator code | Berdecía, Luís A., |
| Fuller form of name | (Tony) |
| 245 #0 - TITLE STATEMENT | |
| Title | ¿A dónde vas? : |
| Remainder of title | una llamada, una respuesta / |
| Statement of responsibility, etc. | Luís A. (Tony) Berdecía |
| 260 ## - PUBLICATION, DISTRIBUTION, ETC. (IMPRINT) | |
| Place of publication, distribution, etc. | Santo Domingo : |
| Name of publisher, distributor, etc. | Comunidad Cristiana de Servicio Amigo de Jesús, |
| Date of publication, distribution, etc. | [200?]. |
| 300 ## - PHYSICAL DESCRIPTION | |
| Extent | 143 p. ; |
| Dimensions | 22 cm. |
| 942 ## - ADDED ENTRY ELEMENTS (KOHA) | |
| Source of classification or shelving scheme | Dewey Decimal Classification |
| Koha item type | Libros |
| 945 ## - LOCAL PROCESSING INFORMATION (OCLC) | |
| a | Inventariado, 2018 /LP |
| 956 ## - LOCAL ELECTRONIC LOCATION AND ACCESS (OCLC) | |
| Host name | VMATEO |
| Access number | 10 |
| Compression information | 20150518 |
| Logon | BPMSU |
| Processor of request | 0069 |
| Withdrawn status | Lost status | Source of classification or shelving scheme | Damaged status | Not for loan | Home library | Current library | Date acquired | Source of acquisition | Total Checkouts | Barcode | Date last seen | Price effective from | Koha item type |
|---|---|---|---|---|---|---|---|---|---|---|---|---|---|
| Dewey Decimal Classification | Biblioteca Pública Metropolitana Salomé Ureña | Biblioteca Pública Metropolitana Salomé Ureña | 07/08/2014 | Donación | BPMSU15040485 | 07/08/2014 | 07/08/2014 | Libros |